000 00517nam a2200181Ia 4500
008 240925s9999 xx 000 0 und d
020 _a9788126919147
082 _a336.73 PAN
100 _aPangannavar, Arjun Y.
245 0 _aPublic Finance: principles, policies and practices
250 _aNA
260 _aNew Delhi:
_bAtlantic Publishers & distributors (P) LTD
_c,2014.
300 _a354p.
_b0
_fOriginal
500 _aIncludes Index
600 _aSocial Sciences
650 _aSocial Sciences
942 _cBK
999 _c16211
_d16211